| 000 | 01662nam a2200325 a 4500 | ||
|---|---|---|---|
| 001 | |||
| 003 | DO-SdBNP | ||
| 005 | 20221006133943.0 | ||
| 008 | 100201t2001 dr ad o001 0 spa d | ||
| 020 | _a9993430293 | ||
| 040 |
_aBNPHU _bspa _cBPMSU |
||
| 082 | 4 |
_a331.7293011 _bL925t 2001 _222 |
|
| 100 | 1 | _aLozano, Wilfredo | |
| 245 | 1 | 4 |
_aLos trabajadores del capitalismo exportador : _bmercado de trabajo, economía exportadora y sustitución de importaciones en la República Dominicana, 1950-1980 / _cWilfredo Lozano. |
| 260 |
_aSanto Domingo : _bBanco Central de la República Dominicana, _c2001. |
||
| 300 |
_a397 p. : _bil., gráfcs, ; _c23 cm. |
||
| 490 | 0 |
_aBanco Central de la República Dominicana ; _aCiencias sociales _v40 |
|
| 500 | _aIncluye datos biográficos del autor en la solapa de la cubierta. | ||
| 500 | _aIncluye referencias bibliográficas y notas al pie de las páginas | ||
| 504 | _aBibliografía : p.365-397. | ||
| 505 | _aIntroducción: mercado de trabajo y desarrollo 30 -- La oferta de trabajo en perspectiva histórica 61 -- Excedente de fuerza de trabajo, empleo y acumulación: el mercado de trabajo urbano de la economía exportadora 159 -- El mercado de trabajo rural de la economía exportadora 238 -- Dinámica y crisis del mercado de trabajo en la economía exportadora (Conclusiones) 309 | ||
| 590 | _6Inventariado, 2022/VM | ||
| 650 | 4 | _aComercio exterior y empleo | |
| 650 | 4 | _aDesarrollo económico. | |
| 650 | 4 |
_aMercado laboral _zRepública Dominicana |
|
| 650 | 4 | _aPolítica de exportación | |
| 651 | 4 |
_aRepública Dominicana _xComercio exterior _3 |
|
| 910 | _aVMateo V. /Validado | ||
| 942 |
_2ddc _cBK |
||
| 999 |
_c14302 _d14302 |
||